[Event "Chigorin mem"]
[Site "St Petersburg"]
[Date "1999.11.02"]
[Round "1"]
[White "Yandemirov, Valeri"]
[Black "Nikolaev, Nikita"]
[Result "1-0"]
[WhiteElo "2481"]
[BlackElo "2308"]

1.e4 c5 2.Nf3 Nc6 3.Bb5 Nf6 4.e5 Ng4 5.Bxc6 dxc6 6.O-O g6 7.d3 Bg7 8.Bf4 Nh6
9.h3 O-O 10.Nbd2 Nf5 11.Re1 Nd4 12.Ne4 b6 13.b3 Bf5 14.Ng3 Qd7 15.Nxd4 cxd4
16.Qd2 Be6 17.Bh6 Bd5 18.Re2 f5 19.exf6 exf6 20.Bxg7 Kxg7 21.a4 c5 22.a5 Rf7
23.Qf4 Re8 24.Rxe8 Qxe8 25.axb6 axb6 26.Qd6 Qc6 27.Qxc6 Bxc6 28.Ra6 Rb7 29.Nf1 Bb5
30.Ra8 Re7 31.Rb8 Re6 32.f3 Re2 33.Rb7+ Kh6 34.Rxb6 Be8 35.b4 Rxc2 36.bxc5 Rxc5
37.Rxf6 Rc3 38.Rd6 Rxd3 39.Ng3 Rd1+ 40.Kf2 Rd2+ 41.Kg1 Rd1+ 42.Kh2 d3 43.Nf5+ Kg5
44.Ne3 Rd2 45.Ng4 h5 46.Nf6 Re2 47.Ne4+ Kh6 48.Rxd3 Bc6 49.Nc3 Rc2 50.h4 Bb7
51.Nd1 Rc6 52.Nf2 Bc8 53.Rd5 Bf5 54.Kg3 Rf6 55.Nd1 Re6 56.Kf2 Ra6 57.Ne3 Be6
58.Rc5 Rb6 59.Nc2 Bf5 60.Nd4 Bd3 61.Ke3 Bb1 62.Kf4 Bd3 63.Rc7 Bf1 64.g4 hxg4
65.fxg4 g5+ 66.hxg5+ Kg6 67.Nc6  1-0

[Event "Chigorin mem"]
[Site "St Petersburg"]
[Date "1999.11.03"]
[Round "2"]
[White "Zakharov, Alexander S"]
[Black "Sherbakov, Ruslan"]
[Result "1-0"]
[WhiteElo "2433"]
[BlackElo "2541"]

1.e4 c5 2.Nf3 Nc6 3.Bb5 e6 4.Bxc6 bxc6 5.b3 Ne7 6.O-O Ng6 7.Bb2 f6 8.e5 Be7
9.Na3 O-O 10.Nc4 Qc7 11.d3 fxe5 12.Nfxe5 Nf4 13.g3 Nd5 14.f4 d6 15.Nf3 Bd7
16.Qd2 Rf7 17.Rae1 Raf8 18.Qe2 h6 19.a3 Qc8 20.Nfd2 Qd8 21.Ne4 Bc8 22.Qh5 Nc7
23.Ne3 Kh7 24.h4 g6 25.Qd1 Nd5 26.Nc4 Nxf4 27.gxf4 Rxf4 28.Rxf4 Rxf4 29.Rf1 Qf8
30.Ncxd6 Bd7 31.Be5 Rf5 32.Nxf5 exf5 33.Qe1 Qd8 34.Qc3 fxe4 35.Rf7+ Kg8 36.Qc4  1-0

[Event "Wch U16 Girls"]
[Site "Oropesa del Mar"]
[Date "1999.11.04"]
[Round "10"]
[White "Chu, Stefanie"]
[Black "Kosintseva, Tatiana"]
[Result "0-1"]
[WhiteElo "2020"]
[BlackElo "2218"]

1.e4 c5 2.Nf3 Nc6 3.Bb5 g6 4.O-O Bg7 5.c3 Nf6 6.e5 Nd5 7.d4 cxd4 8.cxd4 O-O
9.Nc3 Nc7 10.a4 d6 11.Bf4 Bg4 12.Re1 Bxf3 13.gxf3 dxe5 14.dxe5 Nd4 15.Bf1 Nce6
16.Bg3 Qa5 17.Bg2 Rfd8 18.f4 Bh6 19.Qg4 Nc2 20.f5 Nf8 21.Bf4 Bxf4 22.Qxf4 Nxa1
23.Rxa1 f6 24.exf6 exf6 25.fxg6 Qg5 26.Qxg5 fxg5 27.gxh7+ Kxh7 28.Bxb7 Rab8
29.Be4+ Kh6 30.Rb1 Rb4 31.b3 Rc8 32.Rc1 Rxe4  0-1

[Event "Wch U18"]
[Site "Oropesa del Mar"]
[Date "1999.11.04"]
[Round "10"]
[White "Felgaer, Ruben"]
[Black "Acs, Peter"]
[Result "1-0"]
[WhiteElo "2364"]
[BlackElo "2525"]

1.e4 c5 2.Nf3 Nc6 3.Bb5 g6 4.Bxc6 bxc6 5.O-O Bg7 6.c3 Nh6 7.d4 cxd4 8.cxd4 O-O
9.Re1 d5 10.e5 f6 11.exf6 exf6 12.h3 Nf7 13.Nc3 Qd6 14.Na4 Bf5 15.Nc5 Rfe8
16.Be3 Be4 17.Rc1 Re7 18.Nd2 Rae8 19.Qa4 Bf5 20.Na6 Bd7 21.Nc5 f5 22.Nf3 g5
23.Nxd7 Qxd7 24.Qxc6 Qxc6 25.Rxc6 f4 26.Bd2 Rxe1+ 27.Bxe1 Bxd4 28.Bc3 Bb6
29.Kf1 Kf8 30.Bb4+ Kg7 31.Bc3+ Kf8 32.a4 h5 33.a5 Bd8 34.Rc5 g4 35.Nd4 gxh3
36.gxh3 Re5 37.Nc6 Rf5 38.Nxa7 f3 39.Nc6 Bf6 40.a6 Rf4 41.Bxf6 Ra4 42.Ra5 Rc4
43.Bc3  1-0

[Event "Chigorin mem"]
[Site "St Petersburg"]
[Date "1999.11.04"]
[Round "3"]
[White "Ovetchkin, Roman"]
[Black "Ivanov, Vladimir Ivanovich"]
[Result "1/2-1/2"]
[WhiteElo "2505"]
[BlackElo "2411"]

1.e4 c5 2.Nf3 Nc6 3.Bb5 e6 4.O-O Nge7 5.Nc3 Nd4 6.Nxd4 cxd4 7.Ne2 a6 8.Ba4 Nc6
9.d3 Bc5 10.Ng3 h5 11.Bxc6 dxc6 12.e5 g6 13.Ne4 Be7 14.Qf3 Rh7 15.b4 h4 16.g4 h3
17.Qf4 b6 18.Nd6+ Bxd6 19.exd6 f6 20.Qxd4 Kf7 21.Be3 Qd7 22.f3 e5 23.Qxb6 Qxd6
24.Qc5 Qxc5 25.Bxc5 Be6 26.a4 Rhh8 27.Kf2 g5 28.Ke3 Rhc8 29.Kf2 Rc7 30.Kg3 Rh8
31.Rfe1 Bd5 32.Re3 Kg6 33.Rae1 Rh4 34.R3e2 Rd7 35.Rb1 Rf7 36.c4 Be6 37.Re3 Bd7
38.b5 cxb5 39.axb5 axb5 40.cxb5 Rh8 41.d4 f5 42.gxf5+ Bxf5 43.Rb2 exd4 44.Bxd4 Rd8
45.Bc5 Rc7 46.Re5 Rd1 47.Bf2 Rcc1 48.Ree2 Bd3 49.b6 Bxe2 50.Rxe2 Rb1 51.Kxh3 Rd3
52.Kg2 Rbb3 53.Re6+ Kf7  1/2-1/2

[Event "Chigorin mem"]
[Site "St Petersburg"]
[Date "1999.11.04"]
[Round "3"]
[White "Shaposhnikov, Evgeny"]
[Black "Dzjuba, Vsevolod"]
[Result "1/2-1/2"]
[WhiteElo "2494"]
[BlackElo "2200"]

1.e4 c5 2.Nf3 Nc6 3.Bb5 g6 4.O-O Bg7 5.c3 Nf6 6.Re1 O-O 7.h3 e5 8.d4 cxd4
9.cxd4 exd4 10.e5 Nd5 11.Bg5 Qb6 12.Na3 h6 13.Bh4 Ndb4 14.Bf1 d5 15.exd6 Bf5
16.Qd2 a6 17.Bg3 Rfe8 18.Nc4 Qa7 19.a3 Nd5 20.Nce5 Nxe5 21.Nxe5 Ne3 22.d7 Rxe5
23.Bxe5 Bxe5 24.fxe3 Rd8 25.Kh1 Rxd7 26.exd4 Qxd4 27.Qxh6 Qxb2 28.Rad1 Rxd1
29.Rxd1 Bc7 30.Re1 Be6 31.Qe3 Bb6 32.Qf3 Qd4 33.Bd3 Bc7  1/2-1/2

[Event "Wch U14"]
[Site "Oropesa del Mar"]
[Date "1999.11.05"]
[Round "11"]
[White "Kharitonov, Alexander"]
[Black "Markos, Jan"]
[Result "1-0"]
[WhiteElo "2270"]
[BlackElo "2248"]

1.e4 c5 2.Nf3 Nc6 3.Bb5 g6 4.Bxc6 bxc6 5.O-O Bg7 6.Re1 Nf6 7.e5 Nd5 8.c4 Nc7
9.d4 cxd4 10.Qxd4 O-O 11.Qh4 f6 12.Nc3 Ne6 13.exf6 Rxf6 14.Ng5 Nf8 15.Nge4 Re6
16.Bg5 d6 17.Rad1 Qc7 18.Re3 Rb8 19.b3 Rb4 20.Bh6 Re5 21.Bxg7 Kxg7 22.Ng5 Rxe3
23.fxe3 h6 24.Nf3 Ne6 25.Nd4 Rb8 26.Nxc6 Qxc6 27.Qxe7+ Kh8 28.Rxd6 Qb7 29.Nd5 a5
30.Rd8+ Nxd8 31.Qf8+  1-0

[Event "Chigorin mem"]
[Site "St Petersburg"]
[Date "1999.11.05"]
[Round "4"]
[White "Eliseev, Alexey"]
[Black "Beshukov, Sergei"]
[Result "1/2-1/2"]
[WhiteElo "2327"]
[BlackElo "2506"]

1.e4 c5 2.Nf3 Nc6 3.Bb5 g6 4.O-O Bg7 5.Re1 Nf6 6.c3 O-O 7.Na3 a6 8.Bxc6 dxc6
9.d3 Bg4 10.h3 Bxf3 11.Qxf3 Nd7 12.Qe2 a5 13.Bg5 b5 14.Rac1 Re8 15.Red1 Qc7
16.d4 c4 17.Be3 e5 18.d5 Bf8 19.Qf3 Ra6 20.Nc2 cxd5 21.Rxd5 Qc6 22.Bg5 Nc5
23.Ne3 f6 24.Bh4 Nd3 25.Rxd3 cxd3 26.Nd5 Bg7 27.Qxd3 Ra7 28.Rd1 Rf7 29.f3 Rc8
30.b3 Bf8 31.Kh2 Kg7 32.Be1 a4 33.b4 Qc4 34.Qc2 Rc6 35.Ne3 Qe6 36.Qe2 Rb6
37.Rd5 Qc6 38.c4 bxc4 39.Nxc4 Rb8 40.b5 Qb7 41.Na5 Qc8 42.Nc6 Rb6 43.Qc4 Rd7
44.Bf2 Rxd5 45.Qxd5 Rb7 46.Nd8 Rd7 47.Ne6+ Kf7 48.Ng5+ Kg7 49.Ne6+  1/2-1/2

[Event "Chigorin mem"]
[Site "St Petersburg"]
[Date "1999.11.06"]
[Round "5"]
[White "Brodsky, Michail"]
[Black "Dzjuba, Vsevolod"]
[Result "1-0"]
[WhiteElo "2512"]
[BlackElo "2200"]

1.e4 c5 2.Nf3 Nc6 3.Bb5 g6 4.O-O Bg7 5.c3 Nf6 6.Re1 O-O 7.d4 d5 8.e5 Ne4
9.Bxc6 bxc6 10.Nbd2 cxd4 11.cxd4 c5 12.dxc5 Nxc5 13.Nb3 Ne6 14.Nfd4 Nxd4
15.Nxd4 Qb6 16.Bg5 Re8 17.Qd2 Rb8 18.b3 a5 19.Rad1 Bg4 20.f3 Bd7 21.Bh6 Bh8
22.Qf2 a4 23.f4 axb3 24.axb3 Bf5 25.Rc1 Be4 26.Rc6 Qb7 27.Rec1 Qa8 28.R6c5 Rb7
29.Qg3 Ra7 30.Nc6 Ra1 31.Qc3 Rxc1+ 32.Qxc1 Bg7 33.Nxe7+ Rxe7 34.Rc8+ Re8
35.Rxa8 Rxa8 36.Bxg7 Kxg7 37.Qb2 Kg8 38.b4 Rd8 39.Qd4 Rc8 40.e6 fxe6 41.Qf6 Re8
42.b5 d4 43.Qxd4 Bd5 44.Qc3 Re7 45.b6 Rf7 46.Qe5 h5 47.Kf2 Rb7 48.Qd6 Kf7
49.g3 Re7 50.Ke3 Bg2 51.Kd4 Bf3 52.Kc5 Bd5 53.Qd8  1-0

[Event "Chigorin mem"]
[Site "St Petersburg"]
[Date "1999.11.06"]
[Round "5"]
[White "Alavkin, Arseny"]
[Black "Turov, Maxim"]
[Result "1/2-1/2"]
[WhiteElo "2434"]
[BlackElo "2529"]

1.e4 c5 2.Nf3 Nc6 3.Bb5 d6 4.O-O Bd7 5.Re1 Nf6 6.c3 a6 7.Bxc6 Bxc6 8.d4 Bxe4
9.Bg5 Bd5 10.Nbd2 e6 11.c4 Bxf3 12.Qxf3 cxd4 13.Bxf6 gxf6 14.Qxb7 f5 15.Qc6+ Ke7
16.Qd5 Bg7 17.Qxf5 Qb6 18.Nb3 Rhc8 19.Rac1 h6 20.g3 a5 21.Qh7 Kf8 22.Re4 Qa7
23.Rg4 Be5 24.Qxh6+ Ke7 25.Qd2 d3 26.Qxd3 Bxb2 27.Re1 Rab8 28.Rg5 Qc7 29.Rb5 Rxb5
30.cxb5 Qc3 31.Qxc3 Bxc3 32.Rc1 Kd7 33.a4 d5 34.Kf1 e5 35.Ke2 e4 36.b6 Rc4
37.h4 Kc6 38.Nd2 Rc5 39.Nb3 Rc4 40.Nd2 Rc5 41.Nb3  1/2-1/2

[Event "Chigorin mem"]
[Site "St Petersburg"]
[Date "1999.11.07"]
[Round "6"]
[White "Turov, Maxim"]
[Black "Lukin, Andrei M"]
[Result "0-1"]
[WhiteElo "2529"]
[BlackElo "2438"]

1.e4 c5 2.Nf3 Nc6 3.Bb5 Nf6 4.Bxc6 dxc6 5.d3 g6 6.h3 Bg7 7.Nc3 Nd7 8.Be3 e5
9.Qd2 h6 10.O-O Qc7 11.Nh2 b6 12.f4 exf4 13.Rxf4 Ne5 14.a4 O-O 15.Raf1 Be6
16.Ne2 Rfd8 17.Qc1 f5 18.Ng3 fxe4 19.Nxe4 Bf5 20.g4 Bxe4 21.Rxe4 g5 22.h4 Rf8
23.hxg5 hxg5 24.Bxg5 Rxf1+ 25.Kxf1 Qd7 26.Kg2 c4 27.d4 Qd5 28.Qe3 Nf7 29.Bf4 Re8
30.Kf3 Bh6 31.Nf1 Nd6 32.Ng3 Bxf4 33.Kxf4 Rf8+ 34.Nf5 Qxe4+ 35.Qxe4 Nxe4
36.Kxe4 Re8+ 37.Kf3 Re1 38.Nd6 c3 39.bxc3 Ra1 40.Nc8 Rxa4 41.Ne7+ Kg7 42.Nxc6 a5
43.Ke3 Ra1 44.Kd2 a4 45.d5 Kf8 46.g5 a3 47.g6 a2 48.d6 Rd1+ 49.Kxd1 a1=Q+
50.Kd2 Qa3  0-1

[Event "Chigorin mem"]
[Site "St Petersburg"]
[Date "1999.11.07"]
[Round "6"]
[White "Varavin, Viktor"]
[Black "Dashko, Andrey"]
[Result "0-1"]
[WhiteElo "2402"]
[BlackElo "2266"]

1.e4 c5 2.Nf3 Nc6 3.Bb5 g6 4.O-O Bg7 5.Re1 Nf6 6.e5 Ng4 7.Bxc6 dxc6 8.d3 Nh6
9.Nbd2 O-O 10.a4 Nf5 11.h3 Re8 12.Ne4 b6 13.Bd2 Be6 14.Neg5 Bd5 15.Qe2 f6
16.Ne4 Nd4 17.Nxd4 cxd4 18.h4 f5 19.Ng5 h6 20.Nh3 e6 21.Nf4 Kh7 22.g3 c5
23.b4 Bb7 24.Kh2 Rc8 25.Rab1 Bf8 26.Kh3 Qc7 27.b5 Qf7 28.g4 fxg4+ 29.Qxg4 h5
30.Qg3 Qf5+ 31.Kh2 Bh6 32.Rbd1 Bxf4 33.Qxf4 Qxf4+ 34.Bxf4 Rf8 35.Bg3 Rf3
36.Rd2 g5 37.hxg5 h4 38.Bxh4 Kg6 39.Re4 Bxe4 40.dxe4 Rf4 41.Bg3 Rxe4 42.Kg2 Kxg5
43.Kf3 Kf5 44.Rd1 Rh8 45.a5 bxa5 46.Ra1 Rh7 47.Rxa5 Re1 48.Ra6 Rc1 49.Rc6 Rxc2  0-1

[Event "ch-ESP (team) Div 2"]
[Site "Cala Galdana ESP"]
[Date "1999.11.09"]
[Round "2"]
[White "Brana Lopez,E"]
[Black "Alvarez Ibarra,R"]
[Result "1/2-1/2"]
[WhiteElo "2092"]
[BlackElo "2401"]

1.e4 c5 2.Nf3 Nc6 3.Bb5 e6 4.O-O Nge7 5.c3 a6 6.Be2 d5 7.d3 Ng6 8.Re1 Be7
9.Nbd2 O-O 10.Nf1 d4 11.c4 f5 12.exf5 exf5 13.h3 Be6 14.N3h2 Qd7 15.f4 Rae8
16.g3 Bd6 17.Bf3 Nh8 18.Bd2 Nf7 19.h4 Rb8 20.Qe2 Rfe8 21.Qg2 Nh6 22.Re2 Bf7
23.Rae1 Rxe2 24.Rxe2 Re8 25.Qf2 Re7 26.Qe1 Kf8 27.Kf2 Ng8 28.Rxe7 Bxe7 29.Qd1 Nf6
30.Be1 Qc7 31.Qa4 Be8 32.Qc2 Qb6 33.Nd2 Nb4 34.Qb1 Bc6 35.a3 Bxf3 36.Ndxf3 Nc6
37.Qc2 h6 38.Ke2 Bd6 39.Bd2 Ng4 40.Nxg4 fxg4 41.Nh2 Ne7 42.Kf2 h5  1/2-1/2

[Event "ch-NED (women)"]
[Site "Rotterdam NED"]
[Date "1999.11.09"]
[Round "2"]
[White "Sziva,E"]
[Black "Bos Swiecik,I"]
[Result "1/2-1/2"]
[WhiteElo "2290"]
[BlackElo "2165"]

1.e4 c5 2.Nf3 Nc6 3.Bb5 Nd4 4.Nxd4 cxd4 5.O-O g6 6.d3 Bg7 7.c3 e6 8.cxd4 Bxd4
9.Nc3 Ne7 10.Bh6 Nc6 11.Qd2 Qh4 12.Bg5 Qh5 13.Bxc6 dxc6 14.Ne2 h6 15.Bf4 Bg7
16.Bd6 e5 17.f4 exf4 18.Nxf4 Bd4+ 19.Kh1 Qb5 20.Ne2 Bg7 21.d4 Be6 22.Nc3 Qg5
23.Bf4 Qa5 24.d5 cxd5 25.exd5 Bxc3 26.bxc3 Qxd5 27.Qe3 g5 28.Be5 Rg8 29.Bf6 Rg6
30.c4 Qxc4 31.Qa3 Qc7 32.Rac1 Rxf6 33.Rxf6 Qe7 34.Qb2 Rc8 35.Rff1 Rxc1 36.Rxc1 f6
37.Qc2 f5 38.Qa4+ Kf7 39.Qxa7 Bd5 40.Qb6 Bc6 41.Qc5 Qxc5 42.Rxc5 Kf6 43.Kg1 f4
44.h3 Be4 45.a4 Ke6 46.h4 Kf6 47.a5 gxh4 48.Rh5 Bf5 49.Rxh6+ Kg5 50.Rh8 Be4
51.Kf2 Kg4 52.Rc8 Bd5 53.Rc5 Be4 54.Re5 Bc6 55.Re7 Bd5 56.Rg7+ Kf5 57.Kg1 f3
58.gxf3 Bxf3 59.Kh2 Ke5 60.Kh3 Kd6 61.Rg6+ Kc7 62.Rb6 Kb8 63.Kxh4 Ka7 64.Kg5 Be4
65.Kf4 Bg2 66.Ke5 Bf3 67.Kd6 Be4 68.Kc5 Bf3 69.a6 bxa6 70.Rb2 Be4 71.Rd2 Bf5
72.Rd5 Bg4 73.Re5 Bf3 74.Re7+ Bb7 75.Rg7 a5 76.Kb5 a4 77.Kxa4 Kb6 78.Kb4 Kc6
79.Rg5 Kd6 80.Kc4 Be4 81.Kd4 Bc2 82.Rg2 Bf5 83.Rh2 Ke6 84.Rh6+ Kf7 85.Ke5 Bd3
86.Rh3 Bc2 87.Rc3 Bb1 88.Rc6 Bd3 89.Rf6+ Kg7 90.Rd6 Bc2  1/2-1/2

[Event "Chigorin mem"]
[Site "St Petersburg"]
[Date "1999.11.09"]
[Round "8"]
[White "Alavkin, Arseny"]
[Black "Malinin, Yuri"]
[Result "0-1"]
[WhiteElo "2434"]
[BlackElo "2351"]

1.e4 c5 2.Nf3 Nc6 3.Bb5 d6 4.O-O Bd7 5.Re1 Nf6 6.c3 a6 7.Bf1 Bg4 8.d3 e6
9.Nbd2 Be7 10.h3 Bh5 11.a3 O-O 12.b4 d5 13.Bb2 Rc8 14.g4 Bg6 15.Nh4 dxe4
16.Nxg6 fxg6 17.Nxe4 Nxe4 18.Rxe4 Bh4 19.f4 cxb4 20.axb4 g5 21.d4 Ne7 22.Qb3 Kh8
23.Bg2 Nd5 24.f5 exf5 25.gxf5 Rxf5 26.Ra5 b5 27.Rxa6 Nf4 28.Rxf4 Rxf4 29.Qe6 Qf8
30.Bc1 Rf1+ 31.Bxf1 Qf2+ 32.Kh1 Qxf1+ 33.Kh2 Rf8  0-1

[Event "Chigorin mem"]
[Site "St Petersburg"]
[Date "1999.11.10"]
[Round "9"]
[White "Yandemirov, Valeri"]
[Black "Voitsekhovsky, Stanislav"]
[Result "1/2-1/2"]
[WhiteElo "2481"]
[BlackElo "2544"]

1.e4 c5 2.Nf3 Nc6 3.Bb5 d6 4.Bxc6+ bxc6 5.O-O e5 6.c3 Nf6 7.Re1 Be7 8.d4 Nd7
9.dxe5 dxe5 10.Na3 Qc7 11.Nc4 Ba6 12.Ne3 g6 13.Qa4 Bd3 14.Qd1 Bxe4 15.Nc4 Bxf3
16.Qxf3 O-O 17.Bh6 Rfe8 18.Rad1 Rad8 19.h3 f6 20.Qe4 Bf8 21.Bxf8 Nxf8 22.f4 exf4
23.Qxe8 Rxe8 24.Rxe8 Qf7 25.Re4 f5 26.Rxf4 Ne6 27.Nd6 Qe7 28.Rff1 Qg5 29.Rf2 Nf4
30.Kh2 Qh4 31.Rf3 Nd5 32.c4 Nb4 33.Rd2 Nxa2 34.Re2 Qd4 35.Re8+ Kg7 36.Re6 Qxb2
37.Rfe3 Nc3 38.Re7+ Kh6 39.Nf7+ Kh5 40.Ne5 Ne4 41.Rxh7+ Kg5 42.h4+ Kf6 43.Nd7+ Ke6
44.Nxc5+ Kd6 45.Nxe4+ fxe4 46.Rxe4 a5 47.h5 Qc2 48.Rg4 gxh5 49.Rxh5 a4 50.c5+ Ke6
51.Rd4 a3 52.Rd6+ Kf7 53.Rxc6 a2 54.Ra6 Qb1 55.Rxa2  1/2-1/2

[Event "SLO-chT"]
[Site "Bled"]
[Date "1999.11.13"]
[Round "6"]
[White "Pavasovic, Dusko"]
[Black "Jelen, Igor"]
[Result "1-0"]
[WhiteElo "2510"]
[BlackElo "2395"]

1.e4 c5 2.Nf3 Nc6 3.Bb5 g6 4.Bxc6 dxc6 5.d3 Bg7 6.O-O Nf6 7.h3 O-O 8.Nc3 b6
9.Be3 h6 10.a3 a5 11.Qd2 Kh7 12.Ne5 Nxe4 13.Nxe4 Bxe5 14.Bxh6 Rh8 15.Rae1 Bg7
16.Ng5+ Kg8 17.Bxg7 Kxg7 18.Qf4 f6 19.Ne6+ Bxe6 20.Rxe6 Rc8 21.Rfe1 Rc7 22.Qxc7  1-0

[Event "Kuban 99"]
[Site "Krasnodar RUS"]
[Date "1999.11.13"]
[Round "1"]
[White "Jenetl,R"]
[Black "Tseshkovsky,V"]
[Result "1/2-1/2"]
[WhiteElo "2371"]
[BlackElo "2547"]

1.e4 c5 2.Nf3 Nc6 3.Bb5 Nf6 4.Nc3 g6 5.e5 Ng4 6.Bxc6 dxc6 7.h3 Nh6 8.d3 Nf5
9.Ne4 Bg7 10.Bf4 b6 11.Qe2 Nd4 12.Nxd4 Qxd4 13.c3 Qd8 14.Nf6+ Kf8 15.Ne4 Qd5
16.O-O Bf5 17.Rfe1 Bxe5 18.Bh6+ Bg7 19.Qe3 Bxe4 20.dxe4 Qh5 21.Bf4 e5 22.Bh2 Rd8
23.g4 Qh4 24.Rad1 Ke7 25.Kg2 Rxd1 26.Rxd1 Rd8 27.Bg3 Qf6 28.Rxd8 Kxd8 29.Qd3+ Kc7
30.Qa6 Kb8 31.Qd3 Qe7 32.c4 Kc7 33.f3 Bf6 34.Qa3 a5 35.Qd3 Bh4 36.Bxh4 Qxh4
37.Qd2 Qe7 38.a4 h5 39.Kg3 h4+ 40.Kg2 Qf6 41.b3 Qe7 42.Kh2 f6 43.Kh1 Qf7
44.Kg2 Qe7 45.Kh1 Kc8 46.Kh2 Qe6  1/2-1/2

[Event "ESP-chT Div 1"]
[Site "Cala Galdana"]
[Date "1999.11.15"]
[Round "8"]
[White "Magem Badals, Jorge"]
[Black "De la Riva Aguado, Oscar"]
[Result "1/2-1/2"]
[WhiteElo "2528"]
[BlackElo "2458"]

1.e4 c5 2.Nf3 Nc6 3.Bb5 g6 4.Bxc6 bxc6 5.O-O Bg7 6.Nc3 e5 7.d3 Ne7 8.Ne1 O-O
9.f4 exf4 10.Bxf4 d5 11.Nf3 c4  1/2-1/2

[Event "ch-ESP (team) Div 2"]
[Site "Cala Galdana ESP"]
[Date "1999.11.16"]
[Round "9"]
[White "Mas Garces,C"]
[Black "Tebar Moreno,J"]
[Result "1-0"]
[WhiteElo "2123"]
[BlackElo "2204"]

1.Nf3 c5 2.e4 Nc6 3.Bb5 e6 4.O-O Nd4 5.Nxd4 cxd4 6.c3 a6 7.Bd3 Bc5 8.b4 Be7
9.cxd4 Bxb4 10.Bb2 Nf6 11.Qb3 Be7 12.d5 d6 13.Nc3 e5 14.a4 b6 15.Ba3 O-O
16.Rfb1 Nd7 17.Bf1 g6 18.Nd1 f5 19.d3 Rb8 20.Ne3 b5 21.axb5 axb5 22.Nc2 Nf6
23.f3 Bd7 24.Nb4 Kg7 25.Rc1 Qb6+ 26.Kh1 Rfc8 27.Rxc8 Rxc8 28.Rc1 Rxc1 29.Bxc1 f4
30.Qc2 Nh5 31.Nc6 Bh4 32.d4 exd4 33.Nxd4  1-0

[Event "World Seniors"]
[Site "Gladenbach GER"]
[Date "1999.11.16"]
[Round "8"]
[White "Suetin,A"]
[Black "Klovans,J"]
[Result "1/2-1/2"]
[WhiteElo "2382"]
[BlackElo "2465"]

1.e4 c5 2.Nf3 Nc6 3.Bb5 e6 4.O-O Nge7 5.c3 a6 6.Ba4 b5 7.Bc2 Bb7 8.Re1 d5
9.exd5 Nxd5 10.d4 cxd4 11.Nxd4 Be7 12.Be4 Nxd4 13.Qxd4 O-O 14.Qd3 h6 15.Nd2 Qc7
16.Nb3 Rad8 17.Qh3 f5 18.Bc2 Rf6 19.Nd4 Qb6 20.Nb3 Rg6 21.g3 Nb4 22.cxb4 Qc6
23.Be4 fxe4 24.Be3 Bxb4 25.Rec1 Qd5 26.Nc5 Bxc5 27.Rxc5 Qd6 28.Qh5 Kh7 29.Rac1 Qd3
30.Qe5 Rd5 31.Qc7 Rxc5 32.Qxc5 Bd5 33.a3 Rf6 34.Qb4 Bc4 35.Qc3 Rf7 36.a4 Rd7
37.axb5 axb5 38.h4 Qe2 39.Kh2 Rd3 40.Qe1 Qf3 41.Kg1 e5 42.Kh2 Be6 43.Ra1 Qf5
44.Qf1 Rb3 45.Rb1 Bc4 46.Qh3 Qxh3+ 47.Kxh3 Bd3 48.Rc1 Rxb2 49.Kg4 b4 50.Rc7 b3
51.Rb7 Kg6 52.Rb6+ Kf7 53.Kf5 Bc4 54.Kxe5 Ra2 55.Kxe4 g6 56.Bd4 Re2+ 57.Kf4 Bd5
58.f3 Re6 59.Rxe6 Kxe6  1/2-1/2

[Event "Kuban 99"]
[Site "Krasnodar RUS"]
[Date "1999.11.17"]
[Round "5"]
[White "Jenetl,R"]
[Black "Moiseenko,A"]
[Result "0-1"]
[WhiteElo "2371"]
[BlackElo "2501"]

1.e4 c5 2.Nf3 Nc6 3.Bb5 e6 4.O-O Nge7 5.Nc3 a6 6.Bxc6 Nxc6 7.Re1 Be7 8.d4 cxd4
9.Nxd4 O-O 10.b3 Qc7 11.Bb2 d6 12.Re3 Nxd4 13.Qxd4 e5 14.Qd3 Be6 15.f4 exf4
16.Rf3 Bf6 17.Rxf4 Be5 18.Rf3 Rac8 19.Kh1 b5 20.a3 Qc5 21.h3 h6 22.Rd1 Kh8
23.Rd2 Rc6 24.Qf1 Rfc8 25.Qe1 Qa7 26.Rdd3 Kh7 27.Bc1 Qb7 28.Bf4 Rxc3 29.Rxc3 Rxc3
30.Rxc3 Bxf4 31.Rd3 Be5 32.Qe2 Qc6 33.Kg1 Qc5+ 34.Kh1 Qxa3 35.Rf3 Qb4 36.Rf1 a5  0-1

[Event "Kuban 99"]
[Site "Krasnodar RUS"]
[Date "1999.11.19"]
[Round "7"]
[White "Jenetl,R"]
[Black "Sorokin,M"]
[Result "1-0"]
[WhiteElo "2371"]
[BlackElo "2574"]

1.e4 c5 2.Nf3 Nc6 3.Bb5 g6 4.Bxc6 dxc6 5.d3 Bg7 6.Nc3 Bg4 7.Be3 b6 8.Qd2 e5
9.Ng1 Qe7 10.h3 Be6 11.Nge2 Nf6 12.O-O Nd7 13.a3 O-O 14.Bh6 f5 15.Bxg7 Kxg7
16.f4 fxe4 17.Nxe4 Bd5 18.N4g3 exf4 19.Nxf4 Rae8 20.Rae1 Qd6 21.Nfh5+ Kg8
22.Rxf8+ Qxf8 23.Rxe8 Qxe8 24.Qg5 h6 25.Nf6+ Kf7 26.Nxe8 hxg5 27.Nd6+ Ke7
28.Nde4 Ba2 29.Nc3 Be6 30.Nge4 g4 31.h4 c4 32.d4 Bf5 33.Kf2 Nf6 34.Ke3 Nd5+
35.Nxd5+ cxd5 36.Nc3 Ke6 37.Kd2 Kd6 38.Ne2 Be4 39.Nf4 Ke7 40.g3 a5 41.Ne2 Kd6
42.Nc3 Bf5 43.a4 Ke6 44.Ke3 g5 45.hxg5 Bxc2 46.Kf4 Bg6 47.Kxg4 Kd6 48.Kf4 Ke6
49.g4 Kd6 50.Ke3 Ke6 51.Kd2 Be8 52.g6 Bxg6 53.Ke3 Be8 54.Kf4 Bg6 55.Kg5 Bf7
56.Kh6 Kf6 57.Ne2 Be6 58.g5+ Kf5 59.Nc3 Bf7 60.Nb5 Kf4 61.Kg7 Be8 62.Kf6 Bxb5
63.axb5  1-0

[Event "V Open"]
[Site "Lisbon POR"]
[Date "1999.11.21"]
[Round "9"]
[White "Damaso,R"]
[Black "Gofshtein,L"]
[Result "0-1"]
[WhiteElo "2399"]
[BlackElo "2507"]

1.e4 c5 2.Nf3 Nc6 3.Bb5 e6 4.Bxc6 bxc6 5.b3 Ne7 6.h4 h5 7.Ba3 d6 8.c3 Ng6
9.d4 cxd4 10.cxd4 Ba6 11.g3 Be7 12.Qd2 c5 13.Nc3 cxd4 14.Qxd4 O-O 15.Rd1 Bf6
16.Qd2 Qa5 17.Na4 Qb5 18.Qe3 Rfc8 19.Rxd6 Rc2 20.Rd2 Qa5 21.Kd1 Rxd2+ 22.Nxd2 Rd8  0-1

[Event "City-ch"]
[Site "Mar del Plata ARG"]
[Date "1999.11.22"]
[Round "3"]
[White "Kanefsck,G"]
[Black "Quatrini,A"]
[Result "1-0"]
[WhiteElo "2391"]
[BlackElo "2140"]

1.e4 c5 2.Nf3 Nc6 3.Bb5 g6 4.O-O Bg7 5.Re1 Nf6 6.e5 Nd5 7.Nc3 Nc7 8.Bxc6 dxc6
9.Ne4 Ne6 10.d3 O-O 11.Be3 b6 12.Qd2 f5 13.exf6 exf6 14.Bh6 a5 15.Ng3 Ra7
16.Re2 Raf7 17.Rae1 Nd4 18.Nxd4 cxd4 19.Bxg7 Kxg7 20.h4 h5 21.Qf4 c5 22.Ne4 Rd7
23.f3 Bb7 24.Nf2 Bd5 25.a4 Qc7 26.Nh3 Bf7 27.b3 Rb8 28.Kf2 Qxf4 29.Nxf4 b5
30.axb5 Rxb5 31.Re7 Rbb7 32.Rxd7 Rxd7 33.g4 hxg4 34.fxg4 Ra7 35.Ra1 g5 36.hxg5 fxg5
37.Nh3 Kf6 38.Kg3 Re7 39.Ng1 Re3+ 40.Kf2 Ke5 41.Rxa5 Kd6 42.Ra6+ Kc7 43.Ra7+  1-0

[Event "Eu Team Ch"]
[Site "Batumi GEO"]
[Date "1999.11.29"]
[Round "1"]
[White "Nedev,T"]
[Black "Chandler,M"]
[Result "1/2-1/2"]
[WhiteElo "2460"]
[BlackElo "2505"]

1.e4 c5 2.Nf3 Nc6 3.Bb5 g6 4.Bxc6 dxc6 5.h3 e5 6.d3 f6 7.c3 Nh6 8.O-O Nf7
9.Be3 Bd6 10.d4 cxd4 11.cxd4 O-O 12.Nc3 Qe7 13.Qe2 exd4 14.Bxd4 b5 15.Rfe1 b4
16.Na4 c5 17.Be3 Bd7 18.Qc2 Rac8 19.Rad1 Rfe8 20.a3 Bb5 21.axb4 cxb4 22.Qb3 Bc4
23.Qc2 Bd5 24.Bc5 Bxe4 25.Rxe4 Qxe4 26.Qxe4 Rxe4 27.Bxd6 Rd8 28.Nc5 Ree8
29.Nb7 Rd7 30.Rd4 Rxb7 31.Bxb4 Nd8 32.Bc3 Ne6 33.Rd6 Kf7 34.Nd2 f5 35.Nc4 Kg8
36.Ne3 Kf7 37.g4 f4 38.Nc4 Ke7 39.g5 Kf8 40.h4 Rc7 41.Ne5 Ke7 42.Bb4 Nc5
43.Rf6 Kd8 44.Nc6+ Kd7 45.Nxa7 Nb7 46.Kg2 Re5 47.Rf7+ Kd8 48.Rxf4 Rd5 49.Rf6 Kd7
50.Rf7+ Kd8 51.Rf6 Kd7 52.Rf7+ Kd8  1/2-1/2

[Event "Eu Team Ch (women)"]
[Site "Batumi GEO"]
[Date "1999.11.30"]
[Round "2"]
[White "Polovnikova,E"]
[Black "Lomineishvili,M"]
[Result "1/2-1/2"]
[WhiteElo "2299"]
[BlackElo "2387"]

1.e4 c5 2.Nf3 Nc6 3.Bb5 e6 4.b3 Nd4 5.Nxd4 cxd4 6.O-O Ne7 7.c3 a6 8.Be2 Nc6
9.Bb2 Bc5 10.b4 Bb6 11.a4 O-O 12.b5 dxc3 13.dxc3 axb5 14.axb5 Rxa1 15.Bxa1 Ne5
16.c4 Ng6 17.Nc3 Nf4 18.Na4 Bc7 19.g3 Nxe2+ 20.Qxe2 b6 21.c5 f6 22.Rd1 bxc5
23.Nxc5 Qe7 24.Qc4 d6 25.Na6 Bb6 26.Bd4 Qa7 27.Bxb6 Qxb6 28.Nc7 Kf7 29.Ra1 Bd7
30.Ra6 Qc5 31.Qxc5 dxc5 32.f4 Rb8 33.Ra7 Ke7 34.Kf2 Kd8 35.Ke3 Kc8 36.f5 exf5
37.exf5 Bxf5 38.Nd5 Bd7 39.b6 Kd8 40.Kd3 Bc6 41.Kc4 Bxd5+ 42.Kxd5 Rxb6 43.Rxg7 h6
44.Rh7 f5 45.Kxc5 Rf6 46.Kd5 f4 47.gxf4  1/2-1/2

[Event "Eu Team Ch"]
[Site "Batumi GEO"]
[Date "1999.11.30"]
[Round "2"]
[White "Nevednichy,V"]
[Black "Kupreichik,V"]
[Result "1-0"]
[WhiteElo "2537"]
[BlackElo "2429"]

1.e4 c5 2.Nf3 Nc6 3.Bb5 Nf6 4.Nc3 g6 5.h3 Qc7 6.O-O Bg7 7.Re1 O-O 8.e5 Ne8
9.d4 cxd4 10.Nd5 Qd8 11.Bg5 f6 12.exf6 exf6 13.Bf4 f5 14.Qd2 d6 15.Rxe8 Qxe8
16.Nc7 Qd8 17.Bc4+ Kh8 18.Nxa8 Ne5 19.Bd5 Bd7 20.Bxb7 Qb8 21.Bd5 Qxb2 22.Re1 Qb5
23.Nc7 Qc5 24.Nxe5 dxe5 25.Bxe5 Bxe5 26.Rxe5 Qxc7 27.Re7  1-0

[Event "Eu Team Ch"]
[Site "Batumi GEO"]
[Date "1999.11.30"]
[Round "2"]
[White "Rozentalis,E"]
[Black "Muir,A"]
[Result "1-0"]
[WhiteElo "2586"]
[BlackElo "2318"]

1.e4 c5 2.Nf3 Nc6 3.Bb5 g6 4.O-O Bg7 5.c3 Nf6 6.Re1 O-O 7.d4 d5 8.e5 Ne4
9.Bxc6 bxc6 10.Nbd2 cxd4 11.cxd4 c5 12.dxc5 Bg4 13.Nb3 Rc8 14.Qd4 f6 15.exf6 Bxf6
16.Ne5 Bxe5 17.Qxe5 Nxc5 18.Nxc5 Rxc5 19.Be3 Rc4 20.Bd4 Rf6 21.b3 Rb4 22.Rac1 Qd7
23.f3 Bf5 24.Rc7 Qe6 25.Bc3 Rb6 26.Qd4 Qd6 27.Rexe7  1-0